000 01210cam a22002533a 4500
001 6143
003 PGUSA
005 20140828083128.0
008 040701s2004||||xxu|||||s|||||000 | eng d
040 _aPGUSA
_beng
042 _adc
050 4 _aPS
100 1 _aMabie, Hamilton Wright,
_d1846-1916
245 1 0 _aEssays on Work and Culture
_h[electronic resource] /
_cHamilton Wright Mabie
260 _bProject Gutenberg,
_c2004
505 0 _aTool or man? -- The man in the work -- Work as self-expression -- The pain of youth -- The year of wandering -- The ultimate test -- Liberation -- The larger education -- Fellowship -- Work and pessimism -- The educational attitude -- Special training -- General training -- The ultimate aim -- Securing right conditions -- Concentration -- Relaxation -- Recreation -- Ease of mood -- Sharing the race-fortune -- The imagination in work -- The play of the imagination -- Character -- Freedom from self-consciousness -- Consummation.
506 _aPublic domain in the USA.
516 _aElectronic text
653 _aConduct of life
653 _aWork
830 0 _aProject Gutenberg
_v6143
856 4 0 _uhttp://www.gutenberg.org/ebooks/6143
942 _cEB
999 _c235471
_d235471